| 000 | 00485cam a2200181ua 4500 | ||
|---|---|---|---|
| 001 | 3795 | ||
| 008 | 111221n ii |||gr||||Z||||||eng | ||
| 040 | _cMAIN | ||
| 082 | _a891.4514 | ||
| 100 | _aBhuyan, Surya Kumar, | ||
| 245 | 1 | 1 |
_aStudies in the literature of assam _cby Surya Kumar Bhuyan |
| 250 | _a2nd. | ||
| 260 |
_aGuwahati: _bLawyers book stall,962. |
||
| 300 |
_a254p: _c23cm. |
||
| 653 | _aAssamese literature | ||
| 653 | _aStudies in the literature of assam | ||
| 942 | _cBK | ||
| 999 |
_c3620 _d3620 |
||